| 000 | 00610cam7a220021700 4500 | ||
|---|---|---|---|
| 001 | zam00002840 | ||
| 008 | 951128s1991 xx eng u | ||
| 035 | _a(Sirsi) r20179 | ||
| 035 | _a(MACHINE)SLC. | ||
| 100 |
_aBoafo, K. S. T. _6A81427.1 |
||
| 245 | 1 | 0 | _aBibliography of teaching and study materials on African .... |
| 260 | _c1991. | ||
| 949 |
_aZ6940 _wlcc _mMAIN _tBOOK _lON-SHELF |
||
| 004 | 20179 | ||
| 591 | _aClass code: MC 210. | ||
| 591 | _aCourse: Reporting I. | ||
| 591 | _aSchool: S05. | ||
| 591 | _aLecturer: Mr. MAKUNGU, K.M. | ||
| 591 | _aNumber of Students: 18. | ||
| 909 | _aBook | ||
| 999 |
_c170434 _d170434 |
||